| 000 | 00777nas a2200241 4500 | ||
|---|---|---|---|
| 001 | BR7701230 | ||
| 003 | BR-BrBNA | ||
| 005 | 20231205083117.0 | ||
| 007 | ta | ||
| 008 | 230509b bl.|||p| |||| 00| 00por d | ||
| 040 |
_aBR-BrBNA _bpor _cBiblioteca Nacional de Agricultura |
||
| 041 | _a(Pt) | ||
| 072 | _aL36 | ||
| 100 | 1 | _aHall, G.A.B. | |
| 245 | 1 | _aAvaliacao da vagem da alfarrobeira (Ceratonia siliqua)na alimentacao animal, 1: Caracterizacao quimico-bromatologica | |
| 650 | _aCOMPOSICAO DE ALIMENTO | ||
| 650 | _aALFARROBA | ||
| 650 | _aVAGEM | ||
| 650 | _aNUTRICAO ANIMAL | ||
| 773 | 0 |
_tRevista do Centro de Ciencias Rurais (Brazil) _xISSN 0085-5901 _g(Dec 1976), v. 6(4) p. 367-373 _wBR7701230 |
|
| 909 |
_a202311 _bLúcia _c55 _dLúcia Elande |
||
| 942 |
_2AGRIS _n0 _cANA |
||
| 999 |
_c96471 _d96471 |
||